Evolución de la legislación sobre protección a la maternidad: permiso postnatal parental creado por la Ley Nº 20.545

Guardat en:
Dades bibliogràfiques
Autor principal: Romanik Foncea, Katy (Autor)
Format: Llibre
Idioma:espanyol
Publicat: Santiago Dirección del Trabajo 2014
Edició:1a. ed
Col·lecció:Cuaderno de Investigación, 58
Matèries:
Etiquetes: Afegir etiqueta
Sense etiquetes, Sigues el primer a etiquetar aquest registre!

MARC

LEADER 00000cam a2200000 a 4500
001 UCD5543
003 CL-VaPUC
008 160915e20140000cl |||||||||||||||||spa|d
020 |a 9789569661327 
082 0 4 |a 344.0327  |b ROM  |2 21 
100 0 |a Romanik Foncea, Katy  |e author  |9 589323 
245 1 0 |a Evolución de la legislación sobre protección a la maternidad: permiso postnatal parental creado por la Ley Nº 20.545 
250 |a 1a. ed 
300 |a 99 p 
942 |c BK 
945 |d 20160915 16:42:00  |a dcastane 
260 |a Santiago  |b Dirección del Trabajo  |c 2014 
650 0 |a Maternidad  |9 335758 
650 7 |a EMBARAZO  |2 CL-VaPUC  |9 308235 
650 7 |a CUIDADO DE NIÑOS LACTANTES  |2 CL-VaPUC  |9 436646 
650 7 |a CORRESPONSABILIDAD PARENTAL  |2 CL-VaPUC  |9 589324 
583 |a last modification  |c 20160915 16:42:00  |k Rodrigo Vera 
490 0 |a Cuaderno de Investigación, 58 
999 |c 366197  |d 366195 
952 |0 0  |1 0  |3 erb  |4 0  |6 344_032700000000000_ROM_2014  |7 0  |8 A  |9 480261  |a BIBDER  |b BIBDER  |i 5341922  |o 344.0327 ROM 2014  |p 5341922  |r 2023-01-25  |w 2019-11-24  |y BK  |z Catalogado en:20160915  |k DER